00570nam a2200169Ia 4500008004100000020001500041041001200056082001600068100001300084245004800097260002500145300000800170650001600178942000700194999001500201952018400216221030s9999 xx 000 0 und d a007053070X aEnglish a105.23bHwa aK. Hwang 0aAdvanced Computer Architecturecby K. Hwang bTMHaNew Delhic2003 a770 aBE Computer cBK c5963d5963 pBE 7001g575.00l1o105.23 Hwaq2023-07-25r2023-04-19 00:00:00s2023-04-19w2022-10-30yBK003Print4070aMIETLIBbMIETLIBcBL-First, FL-1, CUP-91, SH-6, R-6d2003-08-1810HBE